| 000 | 01172cam a22003377a 4500 | ||
|---|---|---|---|
| 001 | 17641559 | ||
| 003 | LC | ||
| 005 | 20170317125942.0 | ||
| 008 | 130228s2013 nyua b 001 0 eng d | ||
| 010 | _a 2012474300 | ||
| 015 |
_aGBB284125 _2bnb |
||
| 016 | 7 |
_a016155610 _2Uk |
|
| 020 | _a9780071798990 (pbk.) | ||
| 020 | _a0071798994 (pbk.) | ||
| 035 | _a(OCoLC)ocn809082758 | ||
| 037 |
_a1351170 _bQBI |
||
| 040 |
_aUKMGB _beng _cUKMGB _dOCLCO _dBTCTA _dYDXCP _dQBX _dLEO _dORX _dBWX _dVP@ _dDLC |
||
| 042 | _alccopycat | ||
| 050 | 0 | 0 |
_aQC 26 _b.G54 2013 |
| 082 | 0 | 4 | _a530.078 |
| 100 | 1 | _aGleue, Alan. | |
| 245 | 1 | 0 |
_aFun physics projects for tomorrow's rocket scientists / _cAlan Gleue. |
| 260 |
_aNew York : _bMcGraw-Hill Professional, _cc2013. |
||
| 300 |
_axii, 168 p. : _bill. ; _c28 cm. |
||
| 500 | _a"A Thames & Kosmos book." | ||
| 504 | _aIncludes bibliographical references (p. 145-154) and index. | ||
| 650 | 0 |
_aPhysics _xExperiments. |
|
| 906 |
_a7 _bcbc _ccopycat _d2 _encip _f20 _gy-gencatlg |
||
| 942 |
_2lcc _cBK |
||
| 999 |
_c323219 _d323219 |
||